000 00406nam a22001697a 4500
003 MPLRDC
005 20220104164313.0
008 210129b ||||| |||| 00| 0 eng d
082 _a490.8 MB v.14
100 _aTHOMAS W. CARLIN
245 _aBUSINESS AND THE MAN
_c
260 _a
_bALEXANDER HAMILTON I
_c1977
300 _b
490 _aMODERN BUSINESS
650 _a
942 _cBK
_o490.8 MB v.14
999 _c56894
_d56884